opac header logoIBA Library

Management information system / (Record no. 76)

MARC details
000 -LEADER
fixed length control field 00680nam a22002417a 4500
003 - CONTROL NUMBER IDENTIFIER
control field BD-DhUIB
005 - DATE AND TIME OF LATEST TRANSACTION
control field 20210321143959.0
008 - FIXED-LENGTH DATA ELEMENTS--GENERAL INFORMATION
fixed length control field 210321b ||||| |||| 00| 0 eng d
020 ## - INTERNATIONAL STANDARD BOOK NUMBER
International Standard Book Number 978007014494
020 ## - INTERNATIONAL STANDARD BOOK NUMBER
International Standard Book Number 007014494
040 ## - CATALOGING SOURCE
Original cataloging agency BD-DhUIB
Transcribing agency BD-DhUIB
082 ## - DEWEY DECIMAL CLASSIFICATION NUMBER
Edition number 22
Classification number 658.403
100 ## - MAIN ENTRY--PERSONAL NAME
Personal name O'Brien, James A.
9 (RLIN) 140
245 ## - TITLE STATEMENT
Title Management information system /
Remainder of title by James A. O'Brien, George M. Marakas & Ramesh Behl.
250 ## - EDITION STATEMENT
Edition statement 9th ed.
260 ## - PUBLICATION, DISTRIBUTION, ETC.
Place of publication, distribution, etc. New Delhi :
Name of publisher, distributor, etc. Mc-Graw Hill,
Date of publication, distribution, etc. c2009.
300 ## - PHYSICAL DESCRIPTION
Extent xxx, 830p. :
Other physical details ill. ;
Accompanying material 24 cm.
526 ## - STUDY PROGRAM INFORMATION NOTE
Program name BBA.
650 ## - SUBJECT ADDED ENTRY--TOPICAL TERM
Source of heading or term Management.
700 ## - ADDED ENTRY--PERSONAL NAME
Personal name Marakas, George M.
9 (RLIN) 141
700 ## - ADDED ENTRY--PERSONAL NAME
Personal name Behl, Ramesh.
9 (RLIN) 142
942 ## - ADDED ENTRY ELEMENTS (KOHA)
Source of classification or shelving scheme Dewey Decimal Classification
Koha item type Books
Holdings
Withdrawn status Lost status Source of classification or shelving scheme Damaged status Not for loan Collection code Home library Current library Shelving location Date acquired Source of acquisition Total Checkouts Full call number Barcode Date last seen Copy number Price effective from Koha item type
    Dewey Decimal Classification     Fiction IBA Library IBA Library General Stacks 03/24/2011 Mummick & Brothers   658.4038 Ob6m 9th ed. 00049947 03/21/2021 C-1 03/21/2021 Books
    Dewey Decimal Classification     Fiction IBA Library IBA Library General Stacks 03/24/2011 Mummick & Brothers   658.4038 Ob6m 9th ed. 00049948 03/21/2021 C-2 03/21/2021 Books
    Dewey Decimal Classification     Fiction IBA Library IBA Library General Stacks 03/24/2011 Mummick & Brothers   658.4038 Ob6m 9th ed. 00049949 03/21/2021 C-3 03/21/2021 Books
    Dewey Decimal Classification     Fiction IBA Library IBA Library General Stacks 03/24/2011 Mummick & Brothers   658.4038 Ob6m 9th ed. 00049950 03/21/2021 C-4 03/21/2021 Books
    Dewey Decimal Classification     Fiction IBA Library IBA Library General Stacks 03/24/2011 Mummick & Brothers   658.4038 Ob6m 9th ed. 00049951 03/21/2021 C-5 03/21/2021 Books
    Dewey Decimal Classification     Fiction IBA Library IBA Library General Stacks 03/24/2011 Mummick & Brothers   658.4038 Ob6m 9th ed. 00049952 03/21/2021 C-6 03/21/2021 Books
    Dewey Decimal Classification     Fiction IBA Library IBA Library General Stacks 03/24/2011 Mummick & Brothers   658.4038 Ob6m 9th ed. 00049953 03/21/2021 C-7 03/21/2021 Books
    Dewey Decimal Classification     Fiction IBA Library IBA Library General Stacks 03/24/2011 Mummick & Brothers   658.4038 Ob6m 9th ed. 00049954 03/21/2021 C-8 03/21/2021 Books
    Dewey Decimal Classification     Fiction IBA Library IBA Library General Stacks 03/24/2011 Mummick & Brothers   658.4038 Ob6m 9th ed. 00049955 03/21/2021 C-9 03/21/2021 Books
    Dewey Decimal Classification     Fiction IBA Library IBA Library General Stacks 03/24/2011 Mummick & Brothers   658.4038 Ob6m 9th ed. 00049956 03/21/2021 C-10 03/21/2021 Books
    Dewey Decimal Classification     Fiction IBA Library IBA Library General Stacks 03/24/2011 Mummick & Brothers   658.4038 Ob6m 9th ed. 00049957 03/21/2021 C-11 03/21/2021 Books
    Dewey Decimal Classification     Fiction IBA Library IBA Library General Stacks 03/24/2011 Mummick & Brothers   658.4038 Ob6m 9th ed. 00049958 03/21/2021 C-12 03/21/2021 Books
    Dewey Decimal Classification     Fiction IBA Library IBA Library General Stacks 03/24/2011 Mummick & Brothers   658.4038 Ob6m 9th ed. 00049959 03/21/2021 C-13 03/21/2021 Books
    Dewey Decimal Classification     Fiction IBA Library IBA Library General Stacks 03/24/2011 Mummick & Brothers   658.4038 Ob6m 9th ed. 00049960 03/21/2021 C-14 03/21/2021 Books
    Dewey Decimal Classification     Fiction IBA Library IBA Library General Stacks 03/24/2011 Mummick & Brothers   658.4038 Ob6m 9th ed. 00049961 03/21/2021 C-15 03/21/2021 Books
Copyright © 2021-2026 | IBA Library
Institute of Business Administration (IBA)
University of Dhaka
Library Home | IBA Home